| 000 | 00364nam a2200157Ia 4500 | ||
|---|---|---|---|
| 008 | 230711s9999||||xx |||||||||||||| ||und|| | ||
| 041 | _aENG | ||
| 082 |
_a624 _bRI-D |
||
| 100 | _aRilem Roy | ||
| 245 | 0 | _aDemolition methods and practice | |
| 250 | _a1st Ed. | ||
| 260 |
_c1988 _aNew Delhi _bChapman & Hall |
||
| 300 | _a766 | ||
| 650 | _aArchitecture | ||
| 942 | _cBK | ||
| 999 |
_c475 _d475 |
||